Click the They Might Be Giants Song Title Ending - Statistics

General Stats
  • This quiz has been taken 6 times
  • The average score is 12 of 20
Answer Stats
Hint Answer % Correct
Birdhouse in Your Soul
100%
They'll Need a Crane
80%
Whistling in the Dark
80%
Can't Keep Johnny Down
80%
Put Your Hand Inside the Puppet Head
80%
The Statue Got Me High
80%
I Palindrome I
80%
Particle Man
80%
Ana Ng
80%
Don't Lets Start
80%
Purple Toupee
80%
Experimental Film
60%
Museum of Idiots
40%
Synopsis for Latecomers
40%
Destination Moon
40%
A Self Called Nowhere
40%
Spiraling Shape
40%
Underwater Woman
40%
Cyclops Rock
20%
All Time What
20%
No matching quizzes found
Score Distribution
Percent of People with Each Score
Percentile by Number Answered
Your Score History
You have not taken this quiz